ბათუმის შოთა რუსთაველის სახელმწიფო უნივერსიტეტის ბიბლიოთეკა

საუკუნის პროექტი და 40 მილიონიანი გრანტის ხარჯვის მონიტორინგი / (ბიბ.ჩანაწერი № 63622)

000 -ლიდერი
ფიქსირებული სიგრძის საკონტროლო ველი 00962nam a22001817a 4500
003 - საკონტროლო ნომრის იდენტიფიკატორი
საკონტროლო ველი Ge_BSU
005 - ბოლო ოპერაციის თარიღი და დრო
საკონტროლო ველი 20251117172424.0
008 - ფიქსირებული სიგრძის მონაცემთა ელემენტები - ზოგადი ინფორმაცია
ფიქსირებული სიგრძის საკონტროლო ველი 251117s2006 ge ||||| |||| 00| 0 geo d
041 ## - ენის კოდი
Language code of text/sound track or separate title geo
080 ## - უნივერსალური ათობითი კლასიფიკაციის ინდექსი
Universal Decimal Classification number 336.563.1(075) :378.3 : 657.6 ს-27
245 ## - ცნობა სათაურის შესახებ
Title საუკუნის პროექტი და 40 მილიონიანი გრანტის ხარჯვის მონიტორინგი /
Statement of responsibility, etc [სარედ. კოლ.: ხათუნა ყვირალაშვილი [და სხვ.]].
264 ## - წარმოების, გამოცემის, დისტრიბუციის და სხვა ცნობები
გამოცემის, წარმოების, დისტრიბუციის... ადგილი თბ. :
გამოცემის, წარმოების, დისტრიბუციის... სახელწოდება [საქ. ახალგაზრდა იურისტთა ასოციაცია],
გამოცემის, წარმოების, დისტრიბუციის... თარიღი 2006.
300 ## - ფიზიკური აღწერა
Extent 156 გვ. :
Other physical details ცხრ. ;
Dimensions 21 სმ.
501 ## - შენიშვნა თანმხლებ მასალაზე
With note დანართები: გვ. 98-156.
653 ## - INDEX TERM--UNCONTROLLED
Uncontrolled term გრანტები
700 ## - ADDED ENTRY--PERSONAL NAME
Personal name ყვირალაშვილი, ხათუნა
Relator term რედაქტორი
9 (RLIN) 26242
942 ## - ADDED ENTRY ELEMENTS (KOHA)
Source of classification or shelving scheme
Koha item type წიგნი
ეგზემპლარები
ჩამოწერის სტატუსი დაკარგული ეგზემპლარის სტატუსი კლასიფიკაციის წყარო ან თაროზე გაწყობის სქემა დაზიანების სტატუსი არ გაიცემა მუდმივი მდებარეობა (დაცვის ადგილი) ამჟამინდელი ადგილსამყოფელი თაროზე განთავსების ადგილი შეძენის თარიღი ღირებულება, შესყიდვის ნორმალური ფასი სრული შენახვის შიფრი შტრიხკოდი ბოლო ოპერაციის თარიღი ეგზემპლარის მიმდევრობითი ნომერი (კეტერი?) ფასის ძალაში შესვლის თარიღი ეგზემპლარის სახეობა საჯარო შენიშვნა
          ბათუმის შოთა რუსთაველის სახელმწიფო უნივერსიტეტის მთავარი ბიბლიოთეკა ბათუმის შოთა რუსთაველის სახელმწიფო უნივერსიტეტის მთავარი ბიბლიოთეკა წიგნსაცავი 2025-11-17 10.00 336.563.1(075) :378.3 : 657.6 ს-27 73104 2025-11-17 73104 2025-11-17 წიგნი 10 ლ.